000 00623nam a2200229Ia 4500
003 OSt
005 20220924114219.0
006 a|||||r|||| 00| 0
007 ta
008 220923b |||||||| |||| 00| 0 urd d
024 _a256530
037 _cTextual
040 _aARTS
_cARTS
_burd
041 _2urd
_aurd
082 _aO168,1:gOS:55, H5
100 _aGorakhpuri Firaq
_9172434
245 0 _aUrdu ki ishqiya shairi
260 _aAllahabad
_bSangam India
_c1945
650 _aURDU LITERATURE
942 _hO168,1:gOS:55, H5
_cTEXL
_2CC
999 _c392491
_d392491